Loading...
| Social Science | 1 | 8 | 3 | 2 | 80 | 77 | 95.56 | 2 | 5 | 9.48 | 23.87 |
| History - American | 0 | 7 | 1 | 2 | 65 | 95 | 109.71 | 0 | 1 | 7.18 | 19.35 |
| Literature - European | 0 | 5 | 0 | 1 | 50 | 78 | 118.20 | 1 | 2 | 5.53 | 20.51 |
| Beliefs | 1 | 5 | 3 | 1 | 50 | 77 | 103.83 | 1 | 2 | 6.18 | 16.91 |
| History - Ancient | 0 | 4 | 0 | 0 | 40 | 94 | 109.50 | 0 | 1 | 10.77 | 27.75 |
| Literature - World | 1 | 2 | 0 | 0 | 35 | 65 | 95.00 | 0 | 2 | 7.16 | 15.44 |
| History - European | 1 | 3 | 2 | 1 | 35 | 66 | 107.50 | 1 | 2 | 5.50 | 17.42 |
| History - Other | 1 | 2 | 0 | 0 | 35 | 48 | 94.33 | 1 | 1 | 13.16 | 28.81 |
| Literature - British | 1 | 1 | 0 | 0 | 25 | 69 | 76.50 | 1 | 2 | 6.66 | 12.22 |
| History - World | 1 | 3 | 4 | 2 | 25 | 76 | 99.75 | 1 | 2 | 6.46 | 16.78 |
| Modern World | 0 | 2 | 0 | 1 | 20 | 91 | 105.00 | 0 | 0 | 5.37 | 7.45 |
| Philosophy | 0 | 2 | 0 | 0 | 20 | 74 | 79.50 | 0 | 1 | 4.83 | 10.67 |
| Other Academic | 0 | 1 | 0 | 1 | 10 | 128 | 128.00 | 0 | 0 | 0.13 | 1.39 |
| Literature - American | 0 | 1 | 0 | 1 | 10 | 145 | 145.00 | 0 | 0 | -0.05 | 1.33 |
| Fine Arts - Other Arts | 0 | 1 | 0 | 0 | 10 | 137 | 137.00 | 0 | 0 | 0.05 | 1.82 |
| Science - Physics | 0 | 1 | 0 | 0 | 10 | 82 | 82.00 | 0 | 1 | 3.08 | 4.55 |
| Science - Biology | 0 | 1 | 1 | 0 | 5 | 128 | 128.00 | 0 | 0 | 0.05 | 2.67 |
| Geography | 0 | 0 | 0 | 0 | 0 | 0.00 | 0 | 0 | 0.00 | 0.00 | |
| Visual Arts | 0 | 0 | 1 | 0 | -5 | 0.00 | 0 | 0 | 0.00 | 0.00 | |
| Fine Arts - Classical Music and Opera | 0 | 0 | 1 | 0 | -5 | 0.00 | 0 | 0 | 0.00 | 0.00 |